Технология топлива. Урок № 2 (Запись № 13572993)

Подробности
000 -МАРКЕР
контрольное поле 01171nam2a2200229 4500
001 - ИДЕНТИФИКАТОР ЗАПИСИ
контрольное поле rc\2833955
005 - ИДЕНТИФИКАТОР ВЕРСИИ
контрольное поле 20260315045417.0
035 ## - ДРУГИЕ СИСТЕМНЫЕ НОМЕРА
Идентификатор записи (NLR Aleph) 006991790
100 ## - ДАННЫЕ ОБЩЕЙ ОБРАБОТКИ
Данные общей обработки 20110626d1930 u y0rusy50 ca
101 0# - ЯЗЫК РЕСУРСА
Язык текста, звукозаписи и т.д. русский
102 ## - СТРАНА ПУБЛИКАЦИИ ИЛИ ПРОИЗВОДСТВА
Страна публикации Российская Федерация
105 ## - ПОЛЕ КОДИРОВАННЫХ ДАННЫХ: ТЕКСТОВЫЕ МАТЕРИАЛЫ, МОНОГРАФИЧЕСКИЕ
Кодированные данные о монографическом текстовом документе y z |||||
200 0# - ЗАГЛАВИЕ И СВЕДЕНИЯ ОБ ОТВЕТСТВЕННОСТИ
Основное заглавие Урок № 2
210 ## - ПУБЛИКАЦИЯ, РАСПРОСТРАНЕНИЕ И ДР.
Дата издания, распространения и т.д. 1930
215 ## - ФИЗИЧЕСКАЯ ХАРАКТЕРИСТИКА
Специфическое обозначение материала и объем 24 с.
461 #0 - УРОВЕНЬ НАБОРА
Встроенное поле 001rc\2833952
-- 2000#$aТехнология топлива$eУрок № 1-$fАвтор П.В. Соколов$gРед. А.А. Пескин$gВСНХ СССР. Ин-т заоч. обуч. Курсы заоч. обуч. строителей и силикатчиков-кирпичников (рабочих, десятников и техников) ...$vУрок № 2
Системный номер (АБИС) связанной записи 5633345
Автор Институт силикатов и строительных материалов (Москва). Сектор заочного обучения
Место публикации Москва
Дата публикации 1930
Первые сведения об ответственности Автор П.В. Соколов
Имя издателя, распространителя и т.д. РИО ЦИПК
Сведения, относящиеся к заглавию Урок № 1-
Заглавие Технология топлива
Номер тома Урок № 2
801 #0 - ИСТОЧНИК ЗАПИСИ
Страна Российская Федерация
Организация NLR
Правила каталогизации psbo
801 #1 - ИСТОЧНИК ЗАПИСИ
Страна Российская Федерация
Организация ELAR
Источник данных rusmarc
852 ## - МЕСТОНАХОЖДЕНИЕ И ШИФР ХРАНЕНИЯ
Идентификатор организации NLR
Шифр хранения (Call Number) 31-19/165
942 ## - ДОПОЛНИТЕЛЬНЫЕ ЭЛЕМЕНТЫ ЗАПИСИ (АБИС)
Тип экземпляра АБИС Неопределено
980 ## - КОЛЛЕКЦИЯ
Название коллекции Национальная библиография

Нет доступных экземпляров.